00473nam a2200181 a 4500001001300000003000900013005001700022008004100039020001000080082001300090100002100103245003100124260003900155300000900194500003500203505001300238650004000251nice12345678IN_TiNIC20260116013229.0050524s1995 dela grp 000 0 eng  ac19500a291bPAN aPanikkar, Raimon aDwelling Place for Wisdom. aDelhi bMotilal Banarsidass c1995 a177p aincludes index and biblioraphy2 aGlossary aComparative Religion-Chris& Hinduis